000 01344cam a22003494a 4500
001 12437958
003 ost
005 20140310184525.0
008 010609s2002 maua b 001 0beng
010 _a 2001039253
020 _a0439562414
040 _aDLC
_cDLC
_dDLC
042 _apcc
_alcac
043 _an-us---
050 0 0 _aRC 387.5
_b.F565 2003
100 1 _aFleischman, John,
_d1948-
_930204
245 1 0 _aPhineas Gage :
_ba gruesome but true story about brain science /
_cJohn Fleischman.
260 _aBoston :
_bScholastic Inc.,
_c2003.
300 _a86 p. :
_bcol. ill. ;
_c24 cm.
521 _aG9
526 _c1030
600 1 0 _aGage, Phineas
_xMental health.
_930205
650 0 _aBrain damage
_xPatients
_zUnited States
_vBiography.
_930206
650 0 _aBrain damage
_xComplications.
_930207
650 0 _aPersonality disorders
_xEtiology.
_930208
856 4 2 _3Publisher description
_uhttp://www.loc.gov/catdir/description/hm021/2001039253.html
856 4 2 _3Contributor biographical information
_uhttp://www.loc.gov/catdir/enhancements/fy0735/2001039253-b.html
906 _a7
_bcbc
_corignew
_d4
_eocip
_f20
_gy-gencatlg
942 _2lcc
_cBK-SCHOLAS
999 _c35120
_d35120